000 00536nam a2200205Ia 4500
005 20250923145143.0
008 008 250917s9999 xx 000 0 eng d
037 _aTextual
040 _aDSWL
_beng
_cDSWL
041 _aeng
_2eng
084 _qDSWL
100 _aPillai, S. Devadas
_9832301
245 0 _aMen and Machines
_cby S. Devadas Pillai
260 _aBombay
_bPopular Prakaan
_c1968
300 _axviii,254p.
365 _aINR
_b28.00
925 _g28.00
942 _cTEXL
999 _c1447803
_d1447803